[Event "Superettan(Rockaden,Sthlm II-Orgryte)"]
[Site "?"]
[Date "2022.10.15"]
[Round "2"]
[White "Arnelind, Mikael"]
[Black "Zadruzny, Nicolaj"]
[Result "1/2-1/2"]
[WhiteElo "2197"]
[BlackElo "2212"]
[PlyCount "66"]
[SourceVersionDate "2022.11.02"]

1. d4 Nf6 2. c4 e6 3. Nc3 Bb4 4. e3 O-O 5. Bd3 d5 6. Nf3 dxc4 7. Bxc4 c5 8. O-O
cxd4 9. exd4 b6 10. Bg5 h6 11. Bh4 Bb7 12. Rc1 Nc6 13. a3 Be7 14. Ba2 Nh5 15.
Bg3 Nxg3 16. hxg3 Bf6 17. d5 exd5 18. Bxd5 Qd7 19. Be4 Rfd8 20. Qc2 Nd4 21.
Nxd4 Bxe4 22. Qxe4 Qxd4 23. Qxd4 Rxd4 24. Rfd1 Rad8 25. Rxd4 Rxd4 26. Rd1 Rc4
27. Rd3 Bxc3 28. Rxc3 Rxc3 29. bxc3 Kf8 30. Kf1 Ke7 31. Ke2 Kd6 32. Kd3 Kc5 33.
c4 b5 1/2-1/2

[Event "Superettan(SS 4 Springare-Vaxjo)"]
[Site "?"]
[Date "2022.10.15"]
[Round "2"]
[White "Religa, Marek"]
[Black "Rydstrom, Tom"]
[Result "1-0"]
[WhiteElo "1748"]
[BlackElo "2303"]
[PlyCount "64"]
[EventDate "2022.??.??"]
[SourceVersionDate "2022.11.02"]

1. e4 e5 2. Nf3 Nc6 3. Bc4 Bc5 4. O-O Nf6 5. d4 Bxd4 6. Nxd4 Nxd4 7. Bg5 d6 8.
f4 Be6 9. Na3 Nc6 10. f5 Bxc4 11. Nxc4 Nb8 12. Bxf6 gxf6 13. Qh5 Nd7 14. Rad1
Qe7 15. Ne3 c6 16. b4 Nb6 17. Qh6 O-O-O 18. c4 Rhe8 19. a3 Kc7 20. Rd3 a5 21.
Rfd1 axb4 22. axb4 Na4 23. R1d2 d5 24. cxd5 Qxb4 25. d6+ Kb8 26. d7 Re7 27.
Qxf6 Nb6 28. Rd6 Rdxd7 29. Kf2 Rxd6 30. Rxd6 Nc8 31. Rd8 Kc7 32. Rf8 Qd6 1-0

[Event "Superettan(Orebro-Upsala)"]
[Site "?"]
[Date "2022.10.15"]
[Round "2"]
[White "Styf, Josef"]
[Black "Blomstrom, Lars"]
[Result "0-1"]
[WhiteElo "2054"]
[BlackElo "2113"]
[PlyCount "132"]
[EventDate "2022.??.??"]
[SourceVersionDate "2022.11.01"]

1. e4 e5 2. Nf3 Nc6 3. Bb5 a6 4. Ba4 Nf6 5. O-O Be7 6. Bxc6 dxc6 7. Qe1 Qd6 8.
d4 Nd7 9. c3 f6 10. Qe2 O-O 11. Rd1 Qe6 12. Nbd2 Re8 13. Nc4 a5 14. Qd3 Bf8 15.
d5 cxd5 16. exd5 Qf7 17. Qe2 Nc5 18. Be3 Bg4 19. h3 Bh5 20. g4 Bg6 21. Bxc5
Bxc5 22. Nh4 h5 23. Qf3 hxg4 24. hxg4 Bc2 25. Ne3 Bxd1 26. Rxd1 g6 27. Kg2 Rad8
28. Qe4 Bxe3 29. fxe3 Kg7 30. c4 Rh8 31. Nf3 Rde8 32. c5 f5 33. Qa4 fxg4 34.
Qxg4 Rhf8 35. Qg3 Qf6 36. Ng5 Kg8 37. d6 cxd6 38. cxd6 Rd8 39. Ne4 Qf5 40. Nf2
Kg7 41. Rd5 Qe6 42. Rxe5 Qxd6 43. Qg5 Qf6 44. Qxf6+ Rxf6 45. Ng4 Rf5 46. Re7+
Rf7 47. Re6 Rd2+ 48. Kg3 Rxb2 49. Ne5 Rf6 50. Re7+ Kf8 51. Rc7 Re6 52. Ng4 Rxa2
53. Rxb7 a4 54. Kf4 a3 55. Ra7 Ra1 56. Kg5 a2 57. Ra4 Rg1 58. Ra8+ Ke7 59. Ra7+
Kd8 60. Rxa2 Re4 61. Kxg6 Rexg4+ 62. Kf5 Rb4 63. Re2 Ke7 64. e4 Rh1 65. Re3
Rh5+ 66. Kf4 Ke6 0-1

[Event "Superettan(Rockaden,Sthlm II-Orgryte)"]
[Site "?"]
[Date "2022.10.15"]
[Round "2"]
[White "Nikolic, Vladan"]
[Black "Kumar, Rahul"]
[Result "0-1"]
[WhiteElo "2186"]
[BlackElo "2206"]
[PlyCount "64"]
[SourceVersionDate "2022.11.02"]

1. d4 d6 2. e4 g6 3. c4 Bg7 4. Nc3 Nc6 5. Be3 e5 6. d5 Nce7 7. c5 f5 8. cxd6
cxd6 9. Nf3 h6 10. Qa4+ Kf7 11. Bc4 Nf6 12. Nxe5+ Kg8 13. exf5 Nxf5 14. Nxg6
Bd7 15. Qc2 Qe8 16. Nxh8 Nxe3 17. fxe3 Qxe3+ 18. Qe2 Qd4 19. Rd1 Qc5 20. Qd3
Ng4 21. Ne4 Re8 22. Rd2 Bf5 23. b4 Qb6 24. Re2 Rxe4 25. Rxe4 Qf2+ 26. Kd1 Bxe4
27. Qd2 Ne3+ 28. Kc1 Qf6 29. Qxe3 Qb2+ 30. Kd1 Qc2+ 31. Ke1 Bc3+ 32. Kf1 Qxg2#
0-1

[Event "Superettan(SS 4 Springare-Vaxjo)"]
[Site "?"]
[Date "2022.10.15"]
[Round "2"]
[White "Sevastianov, Andrii"]
[Black "Jakenberg, Jussi"]
[Result "1-0"]
[WhiteElo "2130"]
[BlackElo "2114"]
[PlyCount "133"]
[SourceVersionDate "2022.11.02"]

1. e4 e5 2. Nf3 Nc6 3. Nc3 Nf6 4. Bb5 Nd4 5. O-O Nxb5 6. Nxb5 c6 7. Nc3 d6 8.
d4 Qc7 9. Bg5 Be7 10. d5 h6 11. Bxf6 Bxf6 12. a4 O-O 13. a5 Bd7 14. Qd3 c5 15.
Nb5 Qb8 16. Qb3 Be7 17. Nd2 g6 18. Nc4 Kg7 19. f4 a6 20. Nc3 Bd8 21. fxe5 dxe5
22. Nb6 Bxb6 23. Qxb6 c4 24. Qf6+ Kg8 25. d6 Bc6 26. Qxe5 Qa7+ 27. Kh1 Rae8 28.
Qf4 h5 29. Rad1 Qc5 30. Nd5 Bxd5 31. Rxd5 Qb4 32. d7 Rd8 33. Qf6 Qa4 34. h3
Qxc2 35. Rxh5 gxh5 36. Qg5+ Kh8 37. Qxh5+ Kg7 38. Qg4+ Kh7 39. Qh4+ Kg8 40.
Qg3+ Kh7 41. Qh4+ Kg8 42. Qg5+ Kh8 43. Rf4 Qd1+ 44. Kh2 Qd6 45. Qh4+ Kg7 46. e5
Qg6 47. Rg4 Rxd7 48. Qf6+ Kg8 49. Rxg6+ fxg6 50. Qxg6+ Kh8 51. Qh6+ Kg8 52.
Qe6+ Rff7 53. Qxc4 Rc7 54. Qe4 Kf8 55. g4 Ke7 56. Qd4 Rc6 57. Kg3 Ke6 58. h4
Rd7 59. Qe4 Rd5 60. Qf5+ Ke7 61. Qg5+ Kf7 62. h5 Ke6 63. Qf5+ Ke7 64. h6 Re6
65. h7 Rd8 66. Qg5+ Kd7 67. Qxd8+ 1-0

[Event "Superettan(Orebro-Upsala)"]
[Site "?"]
[Date "2022.10.15"]
[Round "2"]
[White "Skoog, Daniel"]
[Black "Johansson, Thomas"]
[Result "1-0"]
[WhiteElo "2017"]
[BlackElo "2203"]
[PlyCount "67"]
[EventDate "2022.??.??"]
[SourceVersionDate "2022.11.01"]

1. c4 e5 2. g3 Nc6 3. Nc3 Bc5 4. Bg2 Nf6 5. Nf3 d6 6. O-O O-O 7. d3 a6 8. Bg5
h6 9. Bh4 Nb8 10. Ne4 Nbd7 11. Qc1 Kh7 12. Bh3 Qe8 13. Bf5+ g6 14. Nxf6+ Nxf6
15. Bxc8 Qxc8 16. Bxf6 Qf5 17. d4 e4 18. dxc5 Qxf6 19. Nd2 Rae8 20. cxd6 Qxd6
21. Qc2 f5 22. Rad1 Qe5 23. e3 Rf6 24. Nb3 Re7 25. Rd5 Qe6 26. Rfd1 g5 27. Qc3
f4 28. Nc5 Qf7 29. Rd7 Rd6 30. R1xd6 cxd6 31. Rxd6 fxe3 32. Qxe3 Qxc4 33. Qd4
Qxa2 34. Qf6 1-0

[Event "Superettan(Rockaden,Sthlm II-Orgryte)"]
[Site "?"]
[Date "2022.10.15"]
[Round "2"]
[White "Eksmyr, Johan"]
[Black "Todorovic, Zoran"]
[Result "0-1"]
[WhiteElo "2119"]
[BlackElo "1997"]
[PlyCount "124"]
[SourceVersionDate "2022.11.02"]

1. d4 Nf6 2. Bg5 e6 3. e3 c5 4. c3 b6 5. Nd2 Be7 6. e4 cxd4 7. cxd4 Ba6 8. Bxa6
Nxa6 9. Ne2 O-O 10. O-O Ng4 11. Bxe7 Qxe7 12. e5 f5 13. Nc4 Nb4 14. Nc3 Nc6 15.
Nd6 Qh4 16. h3 Nh6 17. f4 Nf7 18. Nxf7 Rxf7 19. d5 Nd8 20. Kh2 Qh6 21. d6 g5
22. g3 Rg7 23. Nb5 Nc6 24. Qd2 g4 25. Qg2 Kh8 26. h4 Rgg8 27. Nc7 Rac8 28. Rac1
Nd4 29. Qb7 Nf3+ 30. Kg2 Rb8 31. Qxa7 Nxe5 32. Qa3 Nf7 33. Nb5 Qf6 34. Rc7 Rgd8
35. Re1 Kg7 36. Re2 e5 37. fxe5 Nxe5 38. Qc3 Re8 39. a4 Rbd8 40. Qd4 h5 41. Kf2
Re6 42. b3 Kf8 43. Rc3 Kg7 44. Nc7 Nf7 45. Qxf6+ Rxf6 46. Nb5 Nxd6 47. Nxd6
Rxd6 48. Re5 Kf6 49. Rb5 Re8 50. Re3 Rd2+ 51. Ke1 Rxe3+ 52. Kxd2 Rxg3 53. Rxb6+
Ke5 54. a5 Rg2+ 55. Kd3 Ra2 56. Rb5+ d5 57. b4 f4 58. Rb8 f3 59. Ke3 d4+ 60.
Kd3 f2 61. Rf8 g3 62. a6 g2 0-1

[Event "Superettan(SS 4 Springare-Vaxjo)"]
[Site "?"]
[Date "2022.10.15"]
[Round "2"]
[White "Mattsson, Michael"]
[Black "Lindborg, Patrik"]
[Result "0-1"]
[WhiteElo "2067"]
[BlackElo "2160"]
[PlyCount "84"]
[SourceVersionDate "2022.11.02"]

1. e4 c5 2. Nf3 e6 3. b3 Nc6 4. Bb2 d6 5. c4 e5 6. Nc3 Nf6 7. Bd3 g6 8. Nd5 Bg7
9. O-O O-O 10. Ne1 Nh5 11. g3 Bh3 12. Ng2 Qg5 13. Re1 Bxg2 14. Kxg2 Nf4+ 15.
Nxf4 exf4 16. Bxg7 Kxg7 17. Kh1 h5 18. Bf1 Nd4 19. Bg2 h4 20. g4 h3 21. Bf3 Qe5
22. d3 a6 23. Be2 b5 24. f3 Rfb8 25. Bf1 a5 26. Bxh3 a4 27. Rb1 axb3 28. axb3
bxc4 29. dxc4 Ra3 30. Rf1 Raxb3 31. Rxb3 Rxb3 32. Rf2 Qe8 33. Qa1 Qb8 34. Bf1
Kf6 35. Kg2 Ke6 36. Qa2 Nxf3 37. Be2 Nd4 38. Bd1 f3+ 39. Kf1 Rb1 40. Rd2 Qb4
41. Kf2 Ra1 42. Qb2 Qxb2 0-1

[Event "Superettan(Orebro-Upsala)"]
[Site "?"]
[Date "2022.10.15"]
[Round "2"]
[White "Bernhard, Jonathan"]
[Black "Jonsson, Krister"]
[Result "1/2-1/2"]
[WhiteElo "1992"]
[BlackElo "2011"]
[PlyCount "103"]
[EventDate "2022.??.??"]
[SourceVersionDate "2022.11.01"]

1. e4 c5 2. d4 cxd4 3. Qxd4 Nc6 4. Qd3 Nf6 5. Nc3 g6 6. Nf3 d6 7. Be2 Bg7 8.
O-O O-O 9. Nd5 Nxd5 10. exd5 Ne5 11. Nxe5 Bxe5 12. c3 Bf5 13. Qe3 Re8 14. Bb5
Bd7 15. a4 a6 16. Bxd7 Qxd7 17. Qb6 e6 18. dxe6 fxe6 19. Be3 Qc6 20. f4 Bg7 21.
Rad1 d5 22. a5 Rac8 23. Rfe1 Kf7 24. Qb4 Rc7 25. Bd4 Qc4 26. Bxg7 Qxb4 27. cxb4
Kxg7 28. Rxd5 Rc4 29. b5 axb5 30. g3 b4 31. Rb5 Kf6 32. Re2 h6 33. h4 Rc7 34.
Rb6 Ree7 35. Re5 Rc1+ 36. Kf2 Rc2+ 37. Re2 Rc5 38. Re4 Rc2+ 39. Kf3 Rxb2 40.
Rexb4 Rxb4 41. Rxb4 h5 42. Ke4 Rd7 43. Rb5 Ke7 44. Rc5 Kf6 45. Rg5 Rd1 46. Ke3
Rd8 47. Rb5 Rd7 48. Ke4 Ke7 49. Ke5 Kf7 50. Rc5 Ke7 51. Rb5 Kf7 52. Rc5 1/2-1/2

[Event "Superettan(Rockaden,Sthlm II-Orgryte)"]
[Site "?"]
[Date "2022.10.15"]
[Round "2"]
[White "Ekenberg, Ulf"]
[Black "Troberg Eskola, Love"]
[Result "1-0"]
[WhiteElo "2010"]
[BlackElo "2027"]
[PlyCount "51"]
[SourceVersionDate "2022.11.02"]

1. e4 e6 2. d4 d5 3. Nc3 Bb4 4. e5 Qd7 5. a3 Bxc3+ 6. bxc3 b6 7. Nh3 Ba6 8.
Bxa6 Nxa6 9. Qg4 f5 10. Qh5+ Qf7 11. Qe2 Nb8 12. c4 c6 13. a4 a6 14. Rb1 Nd7
15. cxd5 cxd5 16. c4 Ne7 17. Ba3 dxc4 18. Qxc4 Nd5 19. Qc6 Rb8 20. Ng5 Qg6 21.
Nxe6 Ne7 22. Nc7+ Kd8 23. Bxe7+ Kxe7 24. Nd5+ Kd8 25. e6 Qe8 26. Qc7# 1-0

[Event "Superettan(Kamraterna-Burgsvik)"]
[Site "?"]
[Date "2022.10.15"]
[Round "2"]
[White "Persson, Mats"]
[Black "Aberg, Anton"]
[Result "1/2-1/2"]
[WhiteElo "2321"]
[BlackElo "2321"]
[PlyCount "38"]
[EventDate "2022.??.??"]
[SourceVersionDate "2022.11.01"]

1. e4 c6 2. d4 d5 3. Nc3 dxe4 4. Nxe4 Nd7 5. Bc4 Ngf6 6. Ng5 e6 7. Qe2 Nb6 8.
Bb3 h6 9. N5f3 c5 10. c3 Qc7 11. Be3 Bd6 12. dxc5 Bxc5 13. Qb5+ Nbd7 14. Bxc5
Qxc5 15. Nd4 Qxb5 16. Nxb5 Ke7 17. Nf3 b6 18. Nbd4 Bb7 19. O-O Nc5 1/2-1/2

[Event "Superettan(Vasteras II-Lulea)"]
[Site "?"]
[Date "2022.10.15"]
[Round "2"]
[White "Martirosyan, Haik M"]
[Black "Kimari, Patrick"]
[Result "1-0"]
[WhiteElo "2666"]
[BlackElo "2072"]
[PlyCount "59"]
[SourceVersionDate "2022.11.02"]

1. d4 g6 2. e4 Bg7 3. Nf3 d6 4. Bc4 Nf6 5. Qe2 Nc6 6. e5 dxe5 7. dxe5 Nd5 8. h3
Nb6 9. Bb5 O-O 10. Bxc6 bxc6 11. O-O Be6 12. Nbd2 Qd5 13. b3 Bf5 14. c4 Qd3 15.
Qxd3 Bxd3 16. Re1 a5 17. Ba3 Rfe8 18. Nd4 c5 19. Nb5 Rac8 20. Nf3 c6 21. Nc3 f6
22. Rad1 Rcd8 23. Bxc5 Nc8 24. Nd4 fxe5 25. Nxc6 e4 26. Nxe4 Rd7 27. Nxa5 Bxe4
28. Rxd7 Bf5 29. Rdd1 Bc3 30. Nc6 1-0

[Event "Superettan(Kamraterna-Burgsvik)"]
[Site "?"]
[Date "2022.10.15"]
[Round "2"]
[White "Andreasson, Ingvar"]
[Black "Schandorff, Lars"]
[Result "1/2-1/2"]
[WhiteElo "2319"]
[BlackElo "2476"]
[PlyCount "30"]
[EventDate "2022.??.??"]
[SourceVersionDate "2022.11.01"]

1. d4 d5 2. c4 e6 3. Nc3 Nf6 4. cxd5 exd5 5. Bg5 c6 6. Qc2 h6 7. Bh4 Be7 8. e3
O-O 9. Bd3 Nbd7 10. Nge2 Re8 11. O-O Nf8 12. f3 Ne6 13. Kh1 b6 14. Rad1 Bb7 15.
Bf2 c5 1/2-1/2

[Event "Superettan(Vasteras II-Lulea)"]
[Site "?"]
[Date "2022.10.15"]
[Round "2"]
[White "Adahl, Mattias"]
[Black "Ernst, Thomas"]
[Result "0-1"]
[WhiteElo "2104"]
[BlackElo "2305"]
[PlyCount "76"]
[SourceVersionDate "2022.11.02"]

1. d4 Nf6 2. Nf3 g6 3. Bf4 Bg7 4. e3 O-O 5. Be2 d6 6. c3 b6 7. Nbd2 Bb7 8. Qc2
Nbd7 9. e4 Qe8 10. O-O e5 11. dxe5 dxe5 12. Be3 Qe7 13. b4 a5 14. a3 Ra7 15.
Rfd1 Rfa8 16. Bb5 h6 17. Rac1 Nf8 18. Ne1 Ng4 19. Nf1 Nxe3 20. Nxe3 c6 21. Bf1
axb4 22. axb4 b5 23. Rd2 Ne6 24. Rcd1 Bc8 25. Nd3 h5 26. Nc1 Bd7 27. Nb3 Be8
28. Na5 Bh6 29. Rd3 Bxe3 30. fxe3 c5 31. Qb1 Rc7 32. Rd5 Qg5 33. Re1 Rac8 34.
bxc5 Nxc5 35. Bxb5 Bxb5 36. Qxb5 Qh4 37. Qb1 Nxe4 38. Rxe5 Nxc3 0-1

[Event "Superettan(Kamraterna-Burgsvik)"]
[Site "?"]
[Date "2022.10.15"]
[Round "2"]
[White "Haitin, Ilja"]
[Black "Hamark, Jesper"]
[Result "1-0"]
[WhiteElo "2321"]
[BlackElo "2348"]
[PlyCount "83"]
[EventDate "2022.??.??"]
[SourceVersionDate "2022.11.01"]

1. e4 c5 2. d3 Nc6 3. f4 d5 4. Be2 Nf6 5. e5 Nd7 6. Nf3 e6 7. c3 b5 8. d4 b4 9.
O-O Be7 10. Be3 Qb6 11. Nbd2 Ba6 12. Bf2 O-O 13. c4 dxc4 14. Nxc4 Bxc4 15. Bxc4
cxd4 16. Nxd4 Bc5 17. Nxc6 Qxc6 18. Rc1 Rad8 19. Qe2 Nb6 20. Bb3 Bxf2+ 21. Qxf2
Qb7 22. f5 exf5 23. Qxf5 Nd5 24. Rcd1 Qb6+ 25. Qf2 Qa5 26. Rd4 Ne7 27. Rxd8
Qxd8 28. Bxf7+ Kh8 29. Qxa7 Ng6 30. e6 Qg5 31. Qd4 h5 32. Bxg6 Rxf1+ 33. Kxf1
Qxg6 34. Qe5 Qd3+ 35. Ke1 Qb1+ 36. Kd2 Qg1 37. e7 Qxg2+ 38. Kd3 Qf1+ 39. Kd4
Qd1+ 40. Kc4 Qg4+ 41. Kc5 Qc8+ 42. Kb6 1-0

[Event "Superettan(Vasteras II-Lulea)"]
[Site "?"]
[Date "2022.10.15"]
[Round "2"]
[White "Wulkan, Martin"]
[Black "Bjorkman, Filip"]
[Result "1/2-1/2"]
[WhiteElo "2057"]
[BlackElo "2262"]
[PlyCount "55"]
[SourceVersionDate "2022.11.02"]

1. d4 Nf6 2. Nf3 g6 3. c4 Bg7 4. Nc3 d5 5. Bg5 Ne4 6. Bf4 Nxc3 7. bxc3 c5 8.
cxd5 Qxd5 9. e3 cxd4 10. cxd4 O-O 11. Be2 Nc6 12. O-O b6 13. Qb3 Be6 14. Qa3
Qa5 15. Qxa5 Nxa5 16. Rfc1 Rfc8 17. Bc7 Bd5 18. Bb5 e6 19. Bd7 Rf8 20. Bb5 Rfc8
21. Bd7 Rf8 22. Bb5 Bf6 23. Nd2 Be7 24. a3 Rac8 25. Bd7 Ra8 26. Bb5 Rac8 27.
Bd7 Ra8 28. Bb5 1/2-1/2

[Event "Superettan(Kamraterna-Burgsvik)"]
[Site "?"]
[Date "2022.10.15"]
[Round "2"]
[White "Svensson, Bengt"]
[Black "Andersson, Tommy"]
[Result "1-0"]
[WhiteElo "2307"]
[BlackElo "2379"]
[PlyCount "81"]
[EventDate "2022.??.??"]
[SourceVersionDate "2022.11.01"]

1. e4 c5 2. Nf3 d6 3. d4 cxd4 4. Nxd4 Nf6 5. Nc3 a6 6. Bg5 Nbd7 7. Bc4 Qb6 8.
Bb3 e6 9. Qd2 Be7 10. O-O-O Nc5 11. Rhe1 Bd7 12. f4 h6 13. Bxf6 Bxf6 14. Nf3
Be7 15. Kb1 Nxb3 16. axb3 O-O-O 17. f5 Bc6 18. Nd5 exd5 19. exd5 Bf6 20. dxc6
Qxc6 21. Re3 Rhe8 22. Rde1 Rxe3 23. Rxe3 Qc5 24. g4 Kd7 25. h4 Re8 26. Rxe8
Kxe8 27. g5 hxg5 28. hxg5 Be5 29. Qd3 Qc6 30. c3 Ke7 31. Ka2 b5 32. Qe3 f6 33.
g6 Qc5 34. Qe4 d5 35. Qh4 Kd6 36. Qh8 Qc7 37. Qf8+ Kc6 38. Qe8+ Kc5 39. Nxe5
fxe5 40. f6 gxf6 41. Qf8+ 1-0

[Event "Superettan(Vasteras II-Lulea)"]
[Site "?"]
[Date "2022.10.15"]
[Round "2"]
[White "Kruuse, Peter"]
[Black "Marklund, Niklas"]
[Result "0-1"]
[WhiteElo "1844"]
[BlackElo "2184"]
[PlyCount "50"]
[SourceVersionDate "2022.11.02"]

1. e4 c5 2. Nf3 d6 3. Bb5+ Nd7 4. O-O Ngf6 5. Re1 a6 6. Bf1 b6 7. c4 Bb7 8. Nc3
e6 9. d4 cxd4 10. Nxd4 Be7 11. Kh1 O-O 12. f4 Nc5 13. Qc2 Rc8 14. Nb3 Ncd7 15.
Qf2 Qc7 16. h3 Bd8 17. Bd3 Qb8 18. Be3 Qa8 19. Nd2 Bc6 20. Rac1 Qb7 21. Bd4 e5
22. fxe5 dxe5 23. Be3 b5 24. Nd5 bxc4 25. Ne7+ Bxe7 0-1

[Event "Superettan(Kamraterna-Burgsvik)"]
[Site "?"]
[Date "2022.10.15"]
[Round "2"]
[White "Larsson, Victor"]
[Black "Olausson, Claes-Goran"]
[Result "1/2-1/2"]
[WhiteElo "2188"]
[BlackElo "2240"]
[PlyCount "91"]
[SourceVersionDate "2022.11.02"]

1. d4 d5 2. Nf3 Nf6 3. Bf4 g6 4. h3 Bg7 5. e3 O-O 6. Be2 c5 7. c3 Nc6 8. Nbd2
Qb6 9. Qb3 Bf5 10. O-O Qxb3 11. axb3 Nd7 12. Bb5 Rfc8 13. g4 Be6 14. Ng5 a6 15.
Bd3 Nd8 16. Bg3 Nf8 17. dxc5 Rxc5 18. b4 Rcc8 19. Nxe6 Nfxe6 20. Ra5 Nc7 21.
Bxc7 Rxc7 22. b5 Rb8 23. bxa6 bxa6 24. Rb1 Rcb7 25. Bxa6 Rxb2 26. Rxb2 Rxb2 27.
Rxd5 Ne6 28. Ne4 Rc2 29. c4 Bb2 30. Rd3 h6 31. Rb3 Be5 32. Rb1 Kg7 33. Rd1 Nc7
34. Bb5 f5 35. gxf5 gxf5 36. f4 Bxf4 37. exf4 fxe4 38. Re1 Nxb5 39. cxb5 Rb2
40. Rxe4 Rxb5 41. Rxe7+ Kf6 42. Re4 Kf5 43. Ra4 Rb2 44. Rc4 Ra2 45. Rb4 Rc2 46.
Rd4 1/2-1/2

[Event "Superettan(Vasteras II-Lulea)"]
[Site "?"]
[Date "2022.10.15"]
[Round "2"]
[White "Hovhannisyan, Hrayr"]
[Black "Ivebrink, Pontus"]
[Result "1-0"]
[WhiteElo "2194"]
[BlackElo "1635"]
[PlyCount "95"]
[SourceVersionDate "2022.11.02"]

1. d4 d5 2. Nf3 Bf5 3. c4 e6 4. Nc3 h6 5. Qb3 Ne7 6. cxd5 exd5 7. Qxb7 Nbc6 8.
Bf4 Rb8 9. Qxc7 Qxc7 10. Bxc7 Rxb2 11. Bd6 Kd7 12. Ba3 Rc2 13. Na4 Rc4 14. Nc5+
Kc8 15. e3 Rc3 16. Nb3 Na5 17. Ba6+ Kc7 18. O-O Nxb3 19. axb3 Rxb3 20. Rfc1+
Kd8 21. Ne5 Ke8 22. g4 Be6 23. Rab1 Rxa3 24. Rb8+ Nc8 25. Bxc8 Bd6 26. Bd7+ Ke7
27. Rxh8 Bxd7 28. Nxd7 Kxd7 29. Rg8 g6 30. h4 Be7 31. h5 gxh5 32. gxh5 Bf6 33.
Rc5 Ke6 34. Re8+ Kd7 35. Rf8 Be7 36. Rxf7 Ke8 37. Rxe7+ Kxe7 38. Rxd5 Ra1+ 39.
Kg2 a5 40. Kf3 a4 41. Ra5 a3 42. Ke4 a2 43. Ke5 Kd7 44. d5 Rh1 45. Ra7+ Kc8 46.
Rxa2 Rxh5+ 47. Ke6 Rh2 48. d6 1-0

[Event "Superettan(Kamraterna-Burgsvik)"]
[Site "?"]
[Date "2022.10.15"]
[Round "2"]
[White "Borvander, Tom"]
[Black "Hakansson, Rustan"]
[Result "1/2-1/2"]
[WhiteElo "2098"]
[BlackElo "1955"]
[PlyCount "154"]
[SourceVersionDate "2022.11.02"]

1. d4 Nf6 2. c4 g6 3. Nc3 d5 4. cxd5 Nxd5 5. e4 Nb6 6. Be3 Bg7 7. h3 O-O 8. Nf3
c6 9. Rc1 N8d7 10. Be2 e6 11. O-O f5 12. Qd2 Nf6 13. e5 Nfd5 14. Bg5 Qd7 15.
Nxd5 Nxd5 16. Bc4 b6 17. Bh6 Bb7 18. Bxg7 Kxg7 19. Bxd5 Qxd5 20. b3 h6 21. Rc3
Rad8 22. Rd1 Rf7 23. b4 Rfd7 24. Rdc1 a5 25. a3 axb4 26. axb4 Ra8 27. R3c2 Rdd8
28. h4 Qe4 29. Ra2 Qd5 30. Rxa8 Rxa8 31. Qc3 Rc8 32. Ra1 c5 33. bxc5 bxc5 34.
dxc5 Rxc5 35. Qb4 Kf7 36. Rb1 Rc7 37. Qd6 Rd7 38. Qb8 Kg7 39. Rc1 g5 40. hxg5
hxg5 41. Rb1 Bc6 42. Rc1 g4 43. Nh4 Qd4 44. Qb3 Bd5 45. Qg3 Qd2 46. Rc3 Qh6 47.
f3 Kf7 48. fxg4 Qg5 49. gxf5 Qxg3 50. Rxg3 exf5 51. Rg6 f4 52. Rf6+ Kg7 53.
Rxf4 Be6 54. Nf3 Re7 55. Kf2 Bd5 56. Rf5 Kg6 57. g4 Be4 58. Nh4+ Kh7 59. Rh5+
Kg8 60. Ke3 Bc2 61. Kf4 Bd1 62. Nf5 Re8 63. Rg5+ Kh8 64. Rg6 Bc2 65. e6 Kh7 66.
Rf6 Bb3 67. Ke5 Ba2 68. e7 Kg8 69. Kd6 Bb3 70. Nd4 Bf7 71. g5 Ra8 72. Nc6 Kg7
73. Kc7 Ra1 74. Rd6 Rg1 75. Ne5 Rxg5 76. Nxf7 Kxf7 77. Kd7 Re5 1/2-1/2

[Event "Superettan(Vasteras II-Lulea)"]
[Site "?"]
[Date "2022.10.15"]
[Round "2"]
[White "Makrai Andersson, Marcus"]
[Black "Pettersson, Tobias"]
[Result "0-1"]
[WhiteElo "1587"]
[BlackElo "2059"]
[PlyCount "88"]
[SourceVersionDate "2022.11.02"]

1. e4 d6 2. d4 Nf6 3. Bd3 e5 4. Ne2 Be7 5. O-O O-O 6. c4 Nc6 7. d5 Nb4 8. Nbc3
Nxd3 9. Qxd3 Nd7 10. f4 exf4 11. Nxf4 Ne5 12. Qd4 Bf6 13. Kh1 g6 14. Nce2 Bg7
15. Qc3 c5 16. Bd2 Bg4 17. h3 Bd7 18. Rab1 a6 19. b3 b5 20. Qc2 Qh4 21. Be1 Qe7
22. Ng3 Rab8 23. Rc1 Qg5 24. Nge2 b4 25. Bd2 Qh4 26. Be1 Qf6 27. Bd2 Qe7 28.
Ng1 Rfe8 29. Qd1 Ra8 30. Rc2 a5 31. Bc1 a4 32. Rcf2 axb3 33. axb3 Ra1 34. Qc2
Rea8 35. Be3 Qh4 36. Nf3 Qe7 37. Kh2 Nxf3+ 38. gxf3 Qh4 39. Kg1 Qg3+ 40. Ng2 g5
41. Qd2 Bc3 42. Qe2 Be5 43. f4 gxf4 44. Bxf4 Bxf4 0-1

[Event "Superettan(Kamraterna-Burgsvik)"]
[Site "?"]
[Date "2022.10.15"]
[Round "2"]
[White "Andersson, Bjorn"]
[Black "Svenn, Matti"]
[Result "1-0"]
[WhiteElo "2146"]
[BlackElo "2185"]
[PlyCount "87"]
[SourceVersionDate "2022.11.02"]

1. e4 e6 2. d4 d5 3. e5 c5 4. c3 Qb6 5. Nf3 Bd7 6. a3 cxd4 7. cxd4 Nc6 8. Nc3
a6 9. Be3 Qa7 10. Bd3 Nge7 11. O-O h6 12. b4 g6 13. Rb1 Nf5 14. b5 Nce7 15. a4
Nxe3 16. fxe3 Nf5 17. Qe1 Bg7 18. Bxf5 gxf5 19. Nh4 axb5 20. axb5 O-O 21. Rf2
Qb6 22. Rfb2 Ra3 23. Nd1 Rc8 24. Qe2 Qa5 25. g4 fxg4 26. Ng2 Ra1 27. Nf4 Rxb1
28. Rxb1 Kh8 29. Nh5 Qa4 30. Nf2 Qc2 31. Qxc2 Rxc2 32. Nxg4 b6 33. Nhf6 Bxf6
34. exf6 h5 35. Ne5 Be8 36. h4 Kg8 37. Rb3 Kf8 38. Nd3 Ra2 39. Ne5 Ra5 40. Rc3
Ra8 41. Rc7 Kg8 42. Rb7 Bxb5 43. Rxf7 Be8 44. Rb7 1-0

[Event "Superettan(Vasteras II-Lulea)"]
[Site "?"]
[Date "2022.10.15"]
[Round "2"]
[White "Hart, Alexander"]
[Black "Friebe, Rasmus"]
[Result "1-0"]
[WhiteElo "2003"]
[BlackElo "1420"]
[PlyCount "77"]
[SourceVersionDate "2022.11.02"]

1. d4 f5 2. Bg5 h6 3. Bh4 g5 4. e3 Nf6 5. Bg3 Bg7 6. h4 g4 7. h5 O-O 8. Ne2 d6
9. Nbc3 Nc6 10. Nf4 e5 11. Bc4+ Kh7 12. Ng6 Re8 13. dxe5 dxe5 14. Qxd8 Nxd8 15.
Bxe5 Nxh5 16. Bxg7 Kxg7 17. Nh4 Nf6 18. g3 Nf7 19. O-O-O Nd6 20. Bd3 Be6 21.
Ng2 Nd5 22. Ne2 Rad8 23. Nd4 Bc8 24. Nf4 Nxf4 25. gxf4 Rh8 26. Rh5 Kg6 27. Rdh1
c5 28. Nb5 Nxb5 29. Bxb5 a6 30. Bd3 Rde8 31. Kd2 b5 32. c3 Rd8 33. Ke2 Bb7 34.
Bxf5+ Kf6 35. e4 Ba8 36. Rxh6+ Rxh6 37. Rxh6+ Kg7 38. Rxa6 Re8 39. Ke3 1-0

[Event "Superettan(Upsala-SS 4 Springare)"]
[Site "?"]
[Date "2022.10.14"]
[Round "1"]
[White "Wagner, Stephan"]
[Black "Kassani, Sam"]
[Result "1-0"]
[WhiteElo "2243"]
[BlackElo "2173"]
[PlyCount "77"]
[EventDate "2022.??.??"]
[SourceVersionDate "2022.10.30"]

1. c4 c5 2. Nc3 Nc6 3. g3 g6 4. Bg2 Bg7 5. Nf3 e5 6. d3 Nge7 7. Bg5 f6 8. Be3
d6 9. a3 a5 10. O-O O-O 11. Ne1 Be6 12. Nd5 Rb8 13. Nxe7+ Nxe7 14. b4 b6 15.
Nc2 Qd7 16. Bd2 Bh3 17. bxa5 bxa5 18. Bxa5 Bxg2 19. Kxg2 Qa4 20. Bc3 Rb3 21.
Qd2 d5 22. Rab1 d4 23. Rxb3 Qxb3 24. Ba1 Qa2 25. Qd1 Rb8 26. e3 Kf7 27. Re1
dxe3 28. Nxe3 Qxa3 29. Qf3 Rd8 30. Bxe5 Rxd3 31. Ra1 Qb3 32. Ra6 Nf5 33. Ra7+
Ne7 34. Bd6 Rxd6 35. Rxe7+ Kxe7 36. Nf5+ gxf5 37. Qxb3 Rd4 38. Qb7+ Kf8 39.
Qc8+ 1-0

[Event "Superettan(Kamraterna-Rock., Sthlm II)"]
[Site "?"]
[Date "2022.10.14"]
[Round "1"]
[White "Zadruzny, Nicolaj"]
[Black "Svensson, Bengt"]
[Result "1/2-1/2"]
[WhiteElo "2212"]
[BlackElo "2307"]
[PlyCount "84"]
[SourceVersionDate "2022.10.31"]

1. Nf3 d5 2. g3 Nf6 3. Bg2 c6 4. O-O Bf5 5. b3 e6 6. Bb2 h6 7. d3 Be7 8. Nbd2
O-O 9. Ne5 Nbd7 10. e4 Bh7 11. Qe2 Nxe5 12. Bxe5 Qa5 13. Bb2 Rad8 14. e5 Nd7
15. a3 Qc7 16. Rfe1 a5 17. Rac1 Qb6 18. a4 Nb8 19. Qe3 Qc7 20. d4 Na6 21. Bf1
Nb4 22. Bd3 Nxd3 23. cxd3 Qb6 24. Red1 Qa6 25. Nb1 b5 26. Ba3 Bxa3 27. Nxa3
bxa4 28. bxa4 Rb8 29. Nc2 Rb3 30. Ne1 Ra3 31. Ra1 Rxa1 32. Rxa1 Qb6 33. Rc1 Qb4
34. Rxc6 Qxa4 35. Rc5 Ra8 36. Qc1 Bg6 37. Qc3 Qa2 38. Rb5 Kh7 39. Nc2 Qa4 40.
Rc5 Qa2 41. Rb5 Qa4 42. Rc5 Qa2 1/2-1/2